000 00321nam a22001457a 4500
008 221109b ||||| |||| 00| 0 eng d
020 _a9781319111786
041 _aeng
080 _a070
082 _a070 TAY
100 _a18.2
101 _aMEDIA
245 _aBECOMING A COLLEGE WRITER
_cTAYLOR T
942 _2udc
_cBK
999 _c58819
_d58819